Oscar for Best Foreign Language Film - Statistics

General Stats
  • This quiz has been taken 44 times
    21 since last reset
  • The average score is 23 of 71
Answer Stats
Year Country & Language of Origin Movie % Correct
1953 No Award Given. a
94%
2011 Iran, Persian A Separation
69%
2012 Austria, French Amour
63%
1999 Spain, Spanish All About My Mother
56%
1989 Italy, Italian Cinema Paradiso
56%
2014 Poland, Polish Ida
56%
1998 Italy, Italian Life Is Beautiful
56%
2006 Germany, German The Lives of Others
56%
1963 Italy, Italian 8 1/2
50%
1974 Italy, Italian Amarcord
50%
2000 Taiwan, Mandarin Chinese Crouching Tiger, Hidden Dragon
50%
1983 Sweden, Swedish Fanny and Alexander
50%
2013 Italy, Italian The Great Beauty
50%
2005 South Africa, Tsotsitaal Tsotsi
50%
1956 Italy, Italian La Strada
44%
1951 Japan, Japanese Rashomon
44%
2015 Hungary, Hungarian Son of Saul
44%
2009 Argentina, Spanish The Secret in Their Eyes
44%
1969 Algeria, French Z
44%
1997 Netherlands, Dutch Character
38%
2010 Denmark, Danish In a Better World
38%
2016 Iran, Persian The Salesman
38%
2004 Spain, Spanish The Sea Inside
38%
1966 France, French A Man and a Woman
31%
1987 Denmark, Danish Babette's Feast
31%
1959 France, Portuguese Black Orpheus
31%
1973 France, French Day for Night
31%
2008 Japan, Japanese Departures
31%
1991 Italy, Italian Mediterraneo
31%
1957 Italy, Italian Nights of Cabiria
31%
2001 Bosnia & Herzegovina, Bosnian No Man's Land
31%
1988 Denmark, Danish Pelle the Conqueror
31%
2003 Canada, French The Barbarian Invasions
31%
1985 Argentina, Spanish The Official Story
31%
1979 West Germany, German The Tin Drum
31%
1995 Netherlands, Dutch Antonia's Line
25%
1993 Spain, Spanish Belle Époque
25%
1994 Russia, Russian Burnt by the Sun
25%
1975 Soviet Union, Russian Dersu Uzala
25%
1970 Italy, Italian Investigation of a Citizen Above Suspicion
25%
1996 Czech Republic, Czech Kolya
25%
1977 France, French Madame Rosa
25%
1981 Hungary, German Mephisto
25%
1947 Italy, Italian Shoe-Shine
25%
1972 France, French The Discreet Charm of the Bourgeoisie
25%
1960 Sweden, Swedish The Virgin Spring
25%
1961 Sweden, Swedish Through a Glass Darkly
25%
1968 Soviet Union, Russian War and Peace
25%
1964 Italy, Italian Yesterday, Today and Tomorrow
25%
1976 Cote d'Ivoire, French Black and White in Color
19%
1967 Czechoslovakia, Czech Closely Watched Trains
19%
1984 Switzerland, French Dangerous Moves
19%
1952 France, French Forbidden Games
19%
1954 Japan, Japanese Gate of Hell
19%
1978 France, French Get Out Your Handkerchiefs
19%
1992 France, French Indochine
19%
1990 Switzerland, German Journey of Hope
19%
1948 France, French Monsieur Vincent
19%
1980 Soviet Union, Russian Moscow Does Not Believe In Tears
19%
1958 France, French My Uncle
19%
1955 Japan, Japanese Samurai, The Legend of Musashi
19%
1962 France, French Sundays and Cybele
19%
1986 Netherlands, Dutch The Assault
19%
1949 Italy, Italian The Bicycle Thief
19%
2007 Austria, German The Counterfeiters
19%
1971 Italy, Italian The Garden of the Finzi Continis
19%
1965 Czechoslovakia, Slovak The Shop on Main Street
19%
1950 France and Italy, French The Walls of Malapaga
19%
1982 Spain, Spanish Volver a Empezar / To Begin Again
19%
2002 Germany, German Nowhere in Africa
6%
2017 Chile, Spanish A Fantastic Woman
0%
No matching quizzes found
Score Distribution
Percent of People with Each Score
Percentile by Number Answered
Your Score History
You have not taken this quiz since the last reset